000 01096cam a22003135i 4500
001 12102293
003 EG-ScBUE
005 20251210091708.0
008 000711r20082000enka f b 001 0 eng d
020 _a9780198502753
040 _aEG-ScBUE
_beng
_erda
_cEG-ScBUE
_dEG-ScBUE
082 0 4 _a547.2
_bROB
_222
100 1 _aRobertson, Jeremy,
_d1964-
_939488
_eauthor.
245 1 0 _aProtecting group chemistry /
_cJeremy Robertson, lecturer in organic chemistry and fellow of Brasenose College, Oxford.
250 _aReprinted edition.
264 1 _aOxford :
_bOxford University Press,
_c2008.
300 _a96 pages :
_billustrations ;
_c25 cm.
336 _2rdacontent
_atext
_btxt
337 _aunmediated
_2rdamedia
_bn
338 _avolume
_bnc
_2rdacarrier
490 0 _aOxford chemistry primers ;
_v95
500 _aReprinted 2000 edition.
504 _aIncludes bibliographical references and index.
650 7 _aOrganic compounds
_xSynthesis.
_2BUEsh
650 7 _aProtective groups (Chemistry)
_2BUEsh
653 _bPPhrm
_cMarch2016
655 _vReading book
942 _2ddc
_cBB
999 _c21324
_d21296